Grandi artisti dell'800 - Statistics

Statistiche generali
  • Questo quiz è stato fatto 247 volte
    236 dall'ultimo reset
  • Il punteggio medio è 13 su 21
Statistiche sulle risposte
con Immagini Hint Risposta % Corretto
Impressione. Sole nascente (1872) Claude Monet
97%
Notte stellata (1889) Vincent Van Gogh
96%
Colazione sull'erba (1863) Edouard Manet
94%
Il 3 maggio 1808 (1814) Francisco Goya
87%
Ballerine (1884-85) Edgar Degas
84%
Il bacio (1859) Francesco Hayez
81%
La libertà che guida il popolo (1830) Eugène Delacroix
75%
Casa Batlló (1904-1906) Antoni Gaudì
74%
Ballo al moulin de la Galette (1876) Pierre Auguste Renoir
74%
Tempesta di neve. Battello al largo di Harbour's Mouth (1842) William Turner
73%
Viandante sul mare di nebbia (1818) Caspar David Friedrich
65%
Il pensatore (1880-1902) Auguste Rodin
60%
La visione dopo il sermone (1888) Paul Gauguin
60%
Bagnanti (1890-92) Paul Cézanne
59%
Gli spaccapietre (1849) Gustave Courbet
46%
Donna in riva alla Senna a Courbevoie (1885) Georges-Pierre Seurat
45%
La cattedrale di Salisbury vista dai terreni del vescovo (1823) John Constable
26%
Alienata con monomania del gioco (1822-23) Théodore Géricault
25%
Boulevard Montmarte. Effetto di notte (1898) Camille Pissarro
21%
Napoleone I sul trono imperiale (1806) Jean-Auguste-Dominique Ingres
21%
Triste presentimento (1862) Gerolamo Induno
8%
Nessun quiz corrispondente trovato
Distribuzione punteggi
Percentuale di utenti per punteggio
Percentile per numero di risposta
I tuoi punteggi nel tempo
Non hai fatto questo quiz dall'ultimo reset